Statistics for U.S. States with Spanish Names

Click here to take the quiz!

General Stats

  • This quiz has been taken 17,392 times
  • The average score is 4 of 5

Answer Stats

MeaningState% Correct
UnknownCalifornia
77%
"Flowery"Florida
74%
"Mountain"Montana
69%
"Snow-Covered"Nevada
69%
"Ruddy" or "Red"Colorado
66%

Score Distribution

Percentile by Number Answered

Percent of People with Each Score

Your Score History

You have not taken this quiz